<?xml version="1.0" encoding="UTF-8"?>
<record
    xmlns:xsi="http://www.w3.org/2001/XMLSchema-instance"
    xsi:schemaLocation="http://www.loc.gov/MARC21/slim http://www.loc.gov/standards/marcxml/schema/MARC21slim.xsd"
    xmlns="http://www.loc.gov/MARC21/slim">

  <leader>00761nab a2200205uuc4500</leader>
  <controlfield tag="001">1373834</controlfield>
  <controlfield tag="005">20240519090946.0</controlfield>
  <controlfield tag="008">140610e20110705                    spa  </controlfield>
  <datafield tag="035" ind1=" " ind2=" ">
    <subfield code="a">1373834</subfield>
  </datafield>
  <datafield tag="040" ind1=" " ind2=" ">
    <subfield code="c">comduadb</subfield>
  </datafield>
  <datafield tag="041" ind1=" " ind2=" ">
    <subfield code="a">spa</subfield>
  </datafield>
  <datafield tag="100" ind1="1" ind2="0">
    <subfield code="a">Cuellar Alzate, Yenny</subfield>
    <subfield code="4">aut</subfield>
    <subfield code="e">aut</subfield>
    <subfield code="9">693201</subfield>
  </datafield>
  <datafield tag="245" ind1="1" ind2="4">
    <subfield code="a">Los obst&#xE1;culos pedag&#xF3;gicos de tres maestras preescolares en formaci&#xF3;n inicial</subfield>
  </datafield>
  <datafield tag="650" ind1=" " ind2=" ">
    <subfield code="a">Pr&#xE1;cticas pedag&#xF3;gicas</subfield>
    <subfield code="9">128852</subfield>
  </datafield>
  <datafield tag="650" ind1=" " ind2=" ">
    <subfield code="a">Obst&#xE1;culos pedag&#xF3;gicos</subfield>
    <subfield code="9">211937</subfield>
  </datafield>
  <datafield tag="650" ind1=" " ind2="7">
    <subfield code="a">Investigaci&#xF3;n Educativa</subfield>
    <subfield code="2"></subfield>
    <subfield code="9">131253</subfield>
  </datafield>
  <datafield tag="700" ind1="1" ind2="0">
    <subfield code="a">Tamayo &#xC1;lzate, &#xD3;scar Eugenio</subfield>
    <subfield code="4">aut</subfield>
    <subfield code="e">aut</subfield>
    <subfield code="9">541055</subfield>
  </datafield>
  <datafield tag="773" ind1="0" ind2=" ">
    <subfield code="t">Revista Latinoamericana de Estudios Educativos (Manizales)</subfield>
    <subfield code="g">Vol. 07, No. 02, Jul.-Dic. 2011, 121-138</subfield>
    <subfield code="w">1244145</subfield>
    <subfield code="x">1900-9895</subfield>
    <subfield code="0">586379</subfield>
  </datafield>
  <datafield tag="942" ind1=" " ind2=" ">
    <subfield code="c">ARIMP</subfield>
  </datafield>
  <datafield tag="999" ind1=" " ind2=" ">
    <subfield code="c">692604</subfield>
    <subfield code="d">692604</subfield>
  </datafield>
</record>
